Introduction to logic (Record no. 62203)
[ view plain ]
| 000 -LEADER | |
|---|---|
| fixed length control field | 00625nam a22002057a 4500 |
| 003 - CONTROL NUMBER IDENTIFIER | |
| control field | NUST-PNEC |
| 005 - DATE AND TIME OF LATEST TRANSACTION | |
| control field | 20170116180742.0 |
| 008 - FIXED-LENGTH DATA ELEMENTS--GENERAL INFORMATION | |
| fixed length control field | 141222b xxu||||| |||| 00| 0 eng d |
| 020 ## - INTERNATIONAL STANDARD BOOK NUMBER | |
| International Standard Book Number | 8120309421 |
| 040 ## - CATALOGING SOURCE | |
| Transcribing agency | PNEC |
| 082 ## - DEWEY DECIMAL CLASSIFICATION NUMBER | |
| Classification number | 160 COP |
| 100 ## - MAIN ENTRY--PERSONAL NAME | |
| 9 (RLIN) | 1132 |
| Personal name | Copi Irving M |
| 245 ## - TITLE STATEMENT | |
| Title | Introduction to logic |
| Statement of responsibility, etc. | Irving M Copi; Carl Cohen |
| 250 ## - EDITION STATEMENT | |
| Edition statement | 9th ed. |
| 260 ## - PUBLICATION, DISTRIBUTION, ETC. | |
| Place of publication, distribution, etc. | New Delhi : |
| Name of publisher, distributor, etc. | Prentice Hall of India, |
| Date of publication, distribution, etc. | c2002. |
| 300 ## - PHYSICAL DESCRIPTION | |
| Extent | XIX, 729 p. : |
| Other physical details | graph. Darst. |
| 500 ## - GENERAL NOTE | |
| General note | Includes index. |
| 856 ## - ELECTRONIC LOCATION AND ACCESS | |
| Uniform Resource Identifier | <a href="https://www.worldcat.org/title/introduction-to-logic/oclc/314468168&referer=brief_results">https://www.worldcat.org/title/introduction-to-logic/oclc/314468168&referer=brief_results</a> |
| 942 ## - ADDED ENTRY ELEMENTS (KOHA) | |
| Source of classification or shelving scheme | |
| Koha item type | Book |
| Withdrawn status | Lost status | Source of classification or shelving scheme | Damaged status | Not for loan | Permanent Location | Current Location | Shelving location | Date acquired | Source of acquisition | Cost, normal purchase price | Total Checkouts | Full call number | Barcode | Date last seen | Cost, replacement price | Price effective from | Koha item type |
|---|---|---|---|---|---|---|---|---|---|---|---|---|---|---|---|---|---|
| Pakistan Navy Engineering College (PNEC) | Pakistan Navy Engineering College (PNEC) | 10/23/2000 | NUST Recurring A/c | 350.00 | 160 COP | PNECLIB-023127 | 12/22/2014 | 350.00 | 10/23/2000 | Book |
